000 00309nam a22001217a 4500
008 230621b xxu||||| |||| 00| 0 eng d
082 _a328
_bKNA
110 _bKenya National Assembly
245 _aBunge: The House for all Kenyans
260 _bState University of New York
300 _a24p
942 _2ddc
_cBK
999 _c1978
_d1978